El gran divorcio: un sueño
Đã lưu trong:
| Tác giả chính: | |
|---|---|
| Định dạng: | Sách |
| Ngôn ngữ: | Tiếng Tây Ban Nha |
| Được phát hành: |
Santiago
Andrés Bello
1992
|
| Phiên bản: | 1a. ed |
| Những chủ đề: | |
| Các nhãn: |
Thêm thẻ
Không có thẻ, Là người đầu tiên thẻ bản ghi này!
|
MARC
| LEADER | 00000cam a2200000 a 4500 | ||
|---|---|---|---|
| 001 | UCE7140 | ||
| 003 | CL-VaPUC | ||
| 005 | 20210921074635.0 | ||
| 008 | 150529e19920000cl |||||||||||||||||spa|d | ||
| 999 | |c 359263 |d 359261 | ||
| 020 | |a 9561310090 | ||
| 040 | |c Pontificia Universidad Católica de Valparaíso | ||
| 082 | 0 | 4 | |a 823 |b LEW |2 21 |
| 100 | |a Lewis, C. S |e author |9 328236 | ||
| 245 | 1 | 3 | |a El gran divorcio: un sueño |
| 250 | |a 1a. ed | ||
| 260 | |a Santiago |b Andrés Bello |c 1992 | ||
| 300 | |a 104 p | ||
| 583 | |a last modification |c 20150529 15:00:00 |k Rodrigo Vera | ||
| 650 | 0 | |a Novelas inglesas |9 265220 | |
| 650 | 0 | |a Literatura inglesa |9 312907 | |
| 942 | |c BK |2 ddc | ||
| 945 | |d 20150529 15:00:00 |a dcastane | ||
| 952 | |0 0 |1 0 |3 erb |4 0 |6 823_000000000000000_LEW_1992 |7 0 |8 A |9 468406 |a BIBEDU |b BIBEDU |e Villagrán Garnham, Jorge |i 5176107 |l 1 |o 823 LEW 1992 |p 5176107 |r 2022-10-04 |s 2022-09-26 |w 2019-11-23 |y BK |z Catalogado en:20150529 |k LIT | ||